000 00588nam a22002297a 4500
003 UA-OsUOA
001 30119
007 ta
008 20041105b un ||||| |||| 00| 0 ukr d
090 _a913(673.13)
_bР43
942 _cBK
040 _aUA-OsUOA
_brus
_cUA-OsUOA
_dUA-OsUOA
245 _aРеспублика Заир
_bСправочник
_cРед. Л.В.Гончаров
300 _a256 с.
_bІлюстрації
955 _a0
041 _arus
080 _a913(673.13)
260 _aМосква
_bНаука
_c1984
044 _aRU
650 7 _2UDC
999 _c316526
_d316526